000 00292nam a2200097Ia 4500
005 20251222114402.0
008 251222s1900||||xx |||||||||||||| ||spa||
082 _aDVD0111/D23/2003
245 0 _aLooney Tunes: de nuevo en acción, la película:Looney Tunes: back in acction the movie
942 _cDVD
999 _c1673
_d1673